The Missing Word - Julia Roberts' Movies - Statistics

General Stats
  • This quiz has been taken 41 times
  • The average score is 17 of 20
Answer Stats
Hint Answer % Correct
Pretty ___ Woman
100%
My Best ___'s Wedding Friend
97%
___ Lisa Smile Mona
97%
___'s Eleven Ocean
97%
Sleeping with the ___ Enemy
94%
___ Brockovich Erin
94%
___ Hill Notting
94%
Eat ___ Love Pray
94%
___ Bride Runaway
94%
___ Theory Conspiracy
91%
___'s Day Mother
91%
___ Magnolias Steel
91%
The Pelican ___ Brief
88%
America's ___ Sweethearts
88%
___ Pizza Mystic
82%
Mary ___ Reilly
74%
Larry ___ Crowne
65%
Charlie Wilson's ___ War
65%
___ Closer
62%
Money ___ Monster
59%
No matching quizzes found
Score Distribution
Percent of People with Each Score
Percentile by Number Answered
Your Score History
You have not taken this quiz